<?xml version="1.0" encoding="UTF-8"?>
<record
    xmlns:xsi="http://www.w3.org/2001/XMLSchema-instance"
    xsi:schemaLocation="http://www.loc.gov/MARC21/slim http://www.loc.gov/standards/marcxml/schema/MARC21slim.xsd"
    xmlns="http://www.loc.gov/MARC21/slim">

  <leader>03102cam a22003615i 4500</leader>
  <controlfield tag="001">23384351</controlfield>
  <controlfield tag="003">CSPC</controlfield>
  <controlfield tag="005">20250916092711.0</controlfield>
  <controlfield tag="008">231114s2022    mau           000 0 eng  </controlfield>
  <datafield tag="010" ind1=" " ind2=" ">
    <subfield code="a">  2023301772</subfield>
  </datafield>
  <datafield tag="020" ind1=" " ind2=" ">
    <subfield code="a">9780128099278</subfield>
  </datafield>
  <datafield tag="040" ind1=" " ind2=" ">
    <subfield code="a">DLC</subfield>
    <subfield code="b">eng</subfield>
    <subfield code="e">rda</subfield>
    <subfield code="c">DLC</subfield>
    <subfield code="d">CSPC</subfield>
  </datafield>
  <datafield tag="042" ind1=" " ind2=" ">
    <subfield code="a">pcc</subfield>
  </datafield>
  <datafield tag="050" ind1="0" ind2="0">
    <subfield code="a">TK5105.55</subfield>
    <subfield code="b">.V374 2022</subfield>
  </datafield>
  <datafield tag="082" ind1="0" ind2="0">
    <subfield code="2">23</subfield>
    <subfield code="a">004.62</subfield>
    <subfield code="b">V426n</subfield>
  </datafield>
  <datafield tag="100" ind1="1" ind2=" ">
    <subfield code="a">Varghese, George,</subfield>
    <subfield code="e">author.</subfield>
  </datafield>
  <datafield tag="245" ind1="1" ind2="0">
    <subfield code="a">Network algorithmics :</subfield>
    <subfield code="b">an interdisciplinary approach to designing fast networked devices /</subfield>
    <subfield code="c">George Varghese.</subfield>
  </datafield>
  <datafield tag="250" ind1=" " ind2=" ">
    <subfield code="a">Second edition.</subfield>
  </datafield>
  <datafield tag="264" ind1=" " ind2="1">
    <subfield code="a">Cambridge, Massachusetts :</subfield>
    <subfield code="b">Morgan Kaufman Publishers, an imprint of Elsevier,</subfield>
    <subfield code="c">2022.</subfield>
  </datafield>
  <datafield tag="300" ind1=" " ind2=" ">
    <subfield code="a">xxv, 568 pages ;</subfield>
    <subfield code="c">24 cm.</subfield>
  </datafield>
  <datafield tag="336" ind1=" " ind2=" ">
    <subfield code="a">text</subfield>
    <subfield code="b">txt</subfield>
    <subfield code="2">rdacontent</subfield>
  </datafield>
  <datafield tag="337" ind1=" " ind2=" ">
    <subfield code="a">unmediated</subfield>
    <subfield code="b">n</subfield>
    <subfield code="2">rdamedia</subfield>
  </datafield>
  <datafield tag="338" ind1=" " ind2=" ">
    <subfield code="a">volume</subfield>
    <subfield code="b">nc</subfield>
    <subfield code="2">rdacarrier</subfield>
  </datafield>
  <datafield tag="504" ind1=" " ind2=" ">
    <subfield code="a">Includes bibliographical references and index.</subfield>
  </datafield>
  <datafield tag="505" ind1="0" ind2=" ">
    <subfield code="a">Part 1. The rules of the game -- Introducing network algorithms -- Network implementation models -- Fifteen implementation principles -- Principles in action -- Part 2. Playing with endnotes -- Copying data -- Transferring control -- Maintaining timers -- Demultiplexing -- Protocol processing -- Part 3. Playing with routers -- Prefix-match lookups -- Packet classification -- Switching -- Scheduling packets -- Routers as distributed systems -- Part 4. Endgame -- Measuring network traffic -- Network security -- Conclusions.</subfield>
  </datafield>
  <datafield tag="520" ind1=" " ind2=" ">
    <subfield code="a">"Network Algorithmics: An Interdisciplinary Approach to Designing Fast Networked Devices, Second Edition takes an interdisciplinary approach to applying principles for efficient implementation of network devices, offering solutions to the problem of network implementation bottlenecks. In designing a network device, there are dozens of decisions that affect the speed with which it will perform -- sometimes for better, but sometimes for worse. The book provides a complete and coherent methodology for maximizing speed while meeting network design goals. The book is uniquely focused on the seamless integration of data structures, algorithms, operating systems and hardware/software co-designs for high-performance routers/switches and network end systems. Thoroughly updated based on courses taught by the authors over the past decade, the book lays out the bottlenecks most often encountered at four disparate levels of implementation: protocol, OS, hardware and architecture. It then develops fifteen principles key to breaking these bottlenecks, systematically applying them to bottlenecks found in end-nodes, interconnect devices and specialty functions located along the network. Later sections discuss the inherent challenges of modern cloud computing and data center networking."-- Provided by publisher</subfield>
  </datafield>
  <datafield tag="650" ind1=" " ind2="0">
    <subfield code="a">Computer network protocols.</subfield>
  </datafield>
  <datafield tag="700" ind1="1" ind2=" ">
    <subfield code="a">Xu, Jun,</subfield>
    <subfield code="e">author.</subfield>
  </datafield>
  <datafield tag="906" ind1=" " ind2=" ">
    <subfield code="a">0</subfield>
    <subfield code="b">ibc</subfield>
    <subfield code="c">orignew</subfield>
    <subfield code="d">2</subfield>
    <subfield code="e">ncip</subfield>
    <subfield code="f">20</subfield>
    <subfield code="g">y-gencatlg</subfield>
  </datafield>
  <datafield tag="942" ind1=" " ind2=" ">
    <subfield code="2">ddc</subfield>
    <subfield code="c">BK</subfield>
    <subfield code="e">23</subfield>
    <subfield code="h">004.62</subfield>
    <subfield code="i">V426n</subfield>
    <subfield code="k">GRD</subfield>
    <subfield code="m">2022</subfield>
    <subfield code="n">0</subfield>
  </datafield>
  <datafield tag="952" ind1=" " ind2=" ">
    <subfield code="0">0</subfield>
    <subfield code="1">0</subfield>
    <subfield code="2">ddc</subfield>
    <subfield code="4">0</subfield>
    <subfield code="7">0</subfield>
    <subfield code="a">CSPC</subfield>
    <subfield code="b">CSPC</subfield>
    <subfield code="c">GRD</subfield>
    <subfield code="d">2025-09-11</subfield>
    <subfield code="l">0</subfield>
    <subfield code="o">GRD 004.62 V426n 2022</subfield>
    <subfield code="p">030269</subfield>
    <subfield code="r">2025-09-11 17:09:06</subfield>
    <subfield code="t">1-2</subfield>
    <subfield code="w">2025-09-11</subfield>
    <subfield code="y">BK</subfield>
  </datafield>
  <datafield tag="952" ind1=" " ind2=" ">
    <subfield code="0">0</subfield>
    <subfield code="1">0</subfield>
    <subfield code="2">ddc</subfield>
    <subfield code="4">0</subfield>
    <subfield code="7">0</subfield>
    <subfield code="a">CSPC</subfield>
    <subfield code="b">CSPC</subfield>
    <subfield code="c">GRD</subfield>
    <subfield code="d">2025-09-11</subfield>
    <subfield code="l">0</subfield>
    <subfield code="o">GRD 004.62 V426n 2022</subfield>
    <subfield code="p">030270</subfield>
    <subfield code="r">2025-09-11 00:00:00</subfield>
    <subfield code="t">2-2</subfield>
    <subfield code="w">2025-09-11</subfield>
    <subfield code="y">BK</subfield>
  </datafield>
  <datafield tag="999" ind1=" " ind2=" ">
    <subfield code="c">30501</subfield>
    <subfield code="d">30501</subfield>
  </datafield>
</record>
